Estallidos en mi cabeza (Registro nro. 15687)

000 -CABECERA
campo de control de longitud fija 01330nam a22002297a 4500
003 - IDENTIFICADOR DEL NÚMERO DE CONTROL
campo de control OSt
005 - FECHA Y HORA DE LA ÚLTIMA TRANSACCIÓN
campo de control 20240919142505.0
008 - DATOS DE LONGITUD FIJA--INFORMACIÓN GENERAL
campo de control de longitud fija 240919b ||||| |||| 00| 0 spa d
040 ## - FUENTE DE LA CATALOGACIÓN
Centro/agencia transcriptor CO-Mq BPB
041 ## - CÓDIGO DE LENGUA
Código de lengua del texto/banda sonora o título independiente spa
082 ## - NÚMERO DE LA CLASIFICACIÓN DECIMAL DEWEY
Número de clasificación JN
Número de documento/Ítem COLe
100 ## - ENTRADA PRINCIPAL--NOMBRE DE PERSONA
Nombre de persona Colastica, Roland
Término indicativo de función/relación Autor
245 ## - MENCIÓN DE TÍTULO
Título Estallidos en mi cabeza
264 ## - PRODUCCIÓN, PUBLICACIÓN, DISTRIBUCIÓN, FABRICACIÓN Y COPYRIGHT
Producción, publicación, distribución, fabricación y copyright Bogota:
Nombre del de productor, editor, distribuidor, fabricante Carvajal Soluciones Educativas
Fecha de producción, publicación, distribución, fabricación o copyright 2016
300 ## - DESCRIPCIÓN FÍSICA
Extensión 216 páginas
Otras características físicas Tapa rustica
Dimensiones 21 cm
521 ## - NOTA DE PÚBLICO DESTINATARIO
Nota de público destinatario Jurcell, un joven que tiene una posición social reconocida y admirada, pues su padre es un apreciado y rico futbolista. En distintos ámbitos de la vida del joven surgen conflictos: en el núcleo familiar sobreviene el distanciamiento de sus padres, mientras que en el ambiente escolar surge la rivalidad y celos hacia un compañero de aula y deporte: Gerrit. Estas situaciones lo llevan a involucrarse y delinquir con una pandilla llamada Black Cobras. A lo largo de la historia, Jurcell vive una iniciación importante, no como pandillero, sino respecto a la amistad verdadera, pues se da cuenta de que Gerrit, a quien en realidad no consideraba su amigo y tenía catalogado de pedante e inclusive racista, resulta ser un verdadero amigo.
650 ## - PUNTO DE ACCESO ADICIONAL DE MATERIA--TÉRMINO DE MATERIA
Término de materia o nombre geográfico como elemento de entrada Racismo
650 ## - PUNTO DE ACCESO ADICIONAL DE MATERIA--TÉRMINO DE MATERIA
Término de materia o nombre geográfico como elemento de entrada Novela juvenil
650 ## - PUNTO DE ACCESO ADICIONAL DE MATERIA--TÉRMINO DE MATERIA
Término de materia o nombre geográfico como elemento de entrada Familia
700 ## - PUNTO DE ACCESO ADICIONAL--NOMBRE DE PERSONA
Nombre de persona Gómez, Jael Stella
Término indicativo de función/relación Editora ll
942 ## - ELEMENTOS DE PUNTO DE ACCESO ADICIONAL (KOHA)
Fuente del sistema de clasificación o colocación
Tipo de ítem Koha Libro Literatura
Existencias
Estado de retiro Estado de pérdida Fuente del sistema de clasificación o colocación Estado dañado No para préstamo Código de colección Localización permanente Ubicación/localización actual Ubicación en estantería Fecha de adquisición Fuente de adquisición Número de inventario Total de préstamos Signatura topográfica completa Código de barras Fecha visto por última vez Número de copia Precio válido a partir de Tipo de ítem Koha Nota pública
          Literatura Juvenil Biblioteca Pública San Juan Bosco Biblioteca Pública San Juan Bosco Literatura 19/09/2024 Donación NT   JN COLe MOS503906 19/09/2024 Ej.1 19/09/2024 Libro Literatura Quince dias

© Todos los derechos reservados para la Biblioteca Pública Municipal San Juan Bosco, 2020
Secretaria de Cultura de Mosquera
Carrera 3 N° 10 Esquina Centro Cultural Barrio El Carmén Teléfono: 8270830 Ext: 34
Funcionando con KOHA
Contacto: Biblioteca Pública Municipal San Juan Bosco/ bibliotecasanjuanbosco@mosquera-cundinamarca.gov.co
Mosquera, Cundinamarca